00350cam a2200145ua 4500020000900000041001000009082001800019100002300037245005300060250001200113260005300125300001200178365000900190504000500199 c6.00 aengh a515.1bFRA/CA aFrancis Raj, M I . aCalculus / cM I Francis Raj.hTextual Documents a9 / b. a : bSt.Joseph industrial school press , c1966. a384 ; . a6.00 a